[Event "ch-Balkan w"]
[Site "Istanbul TUR"]
[Date "2002.12.14"]
[Round "6"]
[White "Gencer,A"]
[Black "Andreeva,M"]
[Result "0-1"]
[WhiteElo "1823"]
[BlackElo "2083"]

1.e4 c5 2.Nf3 e6 3.d4 cxd4 4.Nxd4 Nc6 5.Nc3 Qc7 6.Ndb5 Qb8 7.g3 a6 8.Nd4 Nf6
9.Bg2 Qc7 10.O-O Nxd4 11.Qxd4 Bc5 12.Qd3 h6 13.Bf4 d6 14.Rad1 Ke7 15.Na4 e5
16.Be3 Be6 17.Nxc5 dxc5 18.Qc3 Rac8 19.f4 Ng4 20.Bc1 Qb6 21.Rde1 c4+ 22.Be3 Nxe3
23.Rxe3 f6 24.fxe5 fxe5 25.Kh1 Qc5 26.Ref3 Rcd8 27.b4 Qd4 28.Qa3 Qd6 29.Qa4 b5
30.Qa3 Qb6 31.Qc3 Rd4 32.Qe3 Rd6 33.Qe2 Rhd8 34.Qf2 Qxf2 35.R3xf2 Rd2 36.h4 c3
37.a3 Bc4  0-1

[Event "XV Carlos Torre"]
[Site "Merida MEX"]
[Date "2002.12.14"]
[Round "2"]
[White "Ramirez,Al"]
[Black "Bruzon,L"]
[Result "1/2-1/2"]
[WhiteElo "2421"]
[BlackElo "2613"]

1.e4 c5 2.Nf3 e6 3.d4 cxd4 4.Nxd4 Nc6 5.Nc3 a6 6.Be2 d6 7.O-O Nf6 8.Be3 Be7
9.a4 O-O 10.f4 Bd7 11.Nb3 Na5 12.e5 Ne8 13.Nxa5 Qxa5 14.Ne4 Qc7 15.a5 Rc8
16.exd6 Nxd6 17.Bb6 Qb8 18.Bc5 Nxe4 19.Bxe7 Qa7+ 20.Kh1 Bc6 21.Bxf8 Nf2+
22.Rxf2 Qxf2 23.Qf1 Qxf1+ 24.Rxf1 Kxf8 25.Rd1 Ke7 26.Kg1 h6  1/2-1/2

[Event "XII It"]
[Site "Elgoibar ESP"]
[Date "2002.12.15"]
[Round "4"]
[White "Baron Rodriguez,Je"]
[Black "Paunovic,D"]
[Result "1-0"]
[WhiteElo "2412"]
[BlackElo "2532"]

1.e4 c5 2.Nf3 e6 3.d4 cxd4 4.Nxd4 Nc6 5.Nc3 Qc7 6.Be2 a6 7.O-O Nf6 8.Be3 d6
9.f4 Be7 10.Qe1 O-O 11.Qg3 Kh8 12.Rad1 Bd7 13.Nf3 Nb4 14.Rd2 d5 15.exd5 Nbxd5
16.Nxd5 exd5 17.Bd4 Nh5 18.Qf2 Nxf4 19.Ne5 Nxe2+ 20.Rxe2 Be6 21.Qg3 Rac8
22.Nxf7+ Rxf7 23.Rxf7 Qxg3 24.hxg3 Bxf7 25.Rxe7 Kg8 26.Rxb7 h5 27.c3 Re8
28.Kf2 g5 29.b4 Re6 30.a4 Bg6 31.b5 axb5 32.axb5 g4 33.Rg7+ Kf8 34.Rxg6 Rxg6
35.b6  1-0

[Event "Bundesliga 2002-3"]
[Site "Luebeck GER"]
[Date "2002.12.15"]
[Round "6"]
[White "Dorfman,J"]
[Black "Nisipeanu,LD"]
[Result "1/2-1/2"]
[WhiteElo "2617"]
[BlackElo "2613"]

1.e4 c5 2.Nf3 Nc6 3.d4 cxd4 4.Nxd4 e6 5.Nc3 Qc7 6.Be2 Nf6 7.O-O a6 8.Be3 Bb4
9.Na4 Be7 10.Nxc6 bxc6 11.Nb6 Rb8 12.Nxc8 Qxc8 13.Bd4 c5 14.Be5 Rb6 15.Qd3 d6
16.Bc3 O-O 17.b3 d5 18.e5 Nd7 19.Qg3 f5 20.exf6 Bxf6 21.Rad1 Bxc3 22.Qxc3 Qc7
23.Rfe1 Qe5 24.Qd2  1/2-1/2

[Event "Christmas Open"]
[Site "Zadar CRO"]
[Date "2002.12.15"]
[Round "2"]
[White "Ljubicic,F"]
[Black "Djingarova,E"]
[Result "1/2-1/2"]
[WhiteElo "2432"]
[BlackElo "2269"]

1.e4 c5 2.Nf3 e6 3.d4 cxd4 4.Nxd4 Nc6 5.Nc3 Qc7 6.Be3 Nf6 7.Bd3 Nxd4 8.Bxd4 Bc5
9.Bxc5 Qxc5 10.O-O O-O 11.Qe2 d6 12.Kh1 e5 13.f4 exf4 14.Rxf4 Be6 15.Raf1 Qh5
16.Qf2 Ng4 17.Qg3 Ne5 18.Be2 Qh6 19.Nb5 Rac8 20.Nd4 a6 21.a3 Ng6 22.R4f2 Qh4
23.Qe3 Qe7 24.Qg3 d5 25.e5 Bd7 26.Bf3 Qc5 27.c3 Rce8 28.Re1 Rxe5 29.Rxe5 Nxe5
30.Rd2 Nxf3 31.gxf3 Re8 32.Rg2 g6 33.h4 Qe7 34.Re2 Qd8 35.Qg5 Qxg5 36.Rxe8+ Bxe8
37.hxg5 f6 38.f4 fxg5 39.fxg5 h6 40.gxh6 Kh7 41.Kh2 Kxh6 42.Ne6 Bd7 43.Nf4 Bc6
44.Ne6 g5 45.Kg3 Kg6 46.Nc5 Kf5 47.b4 Ke5 48.Kg4 Kf6 49.Kg3 Kf5 50.a4 b6
51.Nxa6 Bxa4 52.Nc7 Ke5 53.Na8 b5 54.Nc7 Kd6 55.Ne8+ Kd7 56.Nf6+ Ke6 57.Ne8 Kf5
58.Nc7 Ke4 59.Kg4 Bd1+ 60.Kxg5 Be2 61.Kf6 Bc4 62.Ke7 Kd3 63.Kd6 Kxc3 64.Nxb5+ Kxb4
65.Nd4 Ba2 66.Ke5 Kc4 67.Nf5  1/2-1/2

[Event "19th WJun Girls"]
[Site "Goa IND"]
[Date "2002.12.16"]
[Round "9"]
[White "Trujillo Delgado,D"]
[Black "Nilavoli,H"]
[Result "1-0"]
[WhiteElo "2036"]
[BlackElo "2064"]

1.e4 c5 2.Nf3 e6 3.d4 cxd4 4.Nxd4 Nc6 5.Nc3 a6 6.a3 Qc7 7.Be2 Nf6 8.Be3 Be7
9.O-O d6 10.f4 O-O 11.Kh1 Bd7 12.Nb3 b5 13.Bf3 Rab8 14.g4 Bc8 15.g5 Nd7 16.Bg2 Bb7
17.Rf3 f5 18.Rh3 g6 19.Qe1 Nd8 20.Bd4 e5 21.Nd5 Bxd5 22.exd5 Bxg5 23.fxg5 exd4
24.Qh4 Ne5 25.Nxd4 Rf7 26.Re1 Qd7 27.b3 Rc8 28.Qf4 Rg7 29.Rhe3 Qb7 30.h4 Rd7
31.R1e2 Rdc7 32.Ne6 Re7 33.Qb4 Qd7 34.Rd2 Ndf7 35.Qf4 Nd8 36.Rh3 Qe8 37.h5 Qf7
38.Qb4 Nb7 39.Re2 Nc5 40.Rxe5 dxe5 41.Nxc5 e4 42.d6 Re5 43.d7 Rd8 44.hxg6 hxg6
45.Qa5 Qe7 46.b4 e3 47.Nd3 e2 48.Ne1 Qxg5 49.Qc7 Qe7 50.Bc6 Rf8 51.Kg2 Rc5
52.bxc5 f4 53.Bd5+ Kg7 54.d8=Q f3+ 55.Rxf3  1-0

[Event "XV Carlos Torre"]
[Site "Merida MEX"]
[Date "2002.12.16"]
[Round "4"]
[White "Aldama,D"]
[Black "Hernandez,Ya"]
[Result "1-0"]
[WhiteElo "2443"]
[BlackElo "2234"]

1.e4 c5 2.Nf3 e6 3.d4 cxd4 4.Nxd4 Nc6 5.Nc3 Qc7 6.Be2 a6 7.O-O Nf6 8.Be3 Bb4
9.Na4 O-O 10.c4 Be7 11.Nxc6 bxc6 12.Qc2 c5 13.f4 d6 14.Bf3 Rb8 15.b3 Bb7
16.Rad1 Rfe8 17.Nc3 Nd7 18.Bc1 Rbd8 19.Bb2 Nb8 20.Ne2 Nc6 21.a3 e5 22.f5 Bg5
23.Bc1 Bxc1 24.Qxc1 f6 25.Bh5 Re7 26.Ng3 Nd4 27.Rd3 Bc6 28.Bd1 Rb8 29.Re1 Qa5
30.Ree3 Reb7 31.h4 Qd8 32.Nf1 a5 33.a4 Kh8 34.Nd2 Rb4 35.Kh2 Qb6 36.Rg3 Qb7
37.Rde3 Rg8 38.Rg4 Qf7 39.Reg3 Rbb8 40.Qc3 Qc7 41.h5 Be8 42.Rh4 Bd7 43.Rhh3 Rbf8
44.Nf1 Qb7 45.Qd3 Bc6 46.Rh4 Rf7 47.Ne3 Qb4 48.Rhg4 Rff8 49.Nc2 Qb7 50.Ne1 Rb8
51.Nf3 Nxf3+ 52.Bxf3 Qc7 53.Bd1 Be8 54.Rh4 Bc6 55.Bc2 Rbd8 56.Qd2 Rd7 57.Rhg4 Rdd8
58.h6 gxh6 59.Qxh6 Qf7 60.Rg6 Rxg6 61.Rxg6 Rf8 62.g4 Be8 63.g5 fxg5 64.Bd1 Rg8
65.Bh5 Qf8 66.Rxg8+ Kxg8 67.Qxg5+ Kh8 68.Bxe8 Qxe8 69.Qf6+ Kg8 70.Kg3 Qf8
71.Qe6+ Kg7 72.Qd7+ Kh6 73.Kf3 Qf6 74.Qc7 Qf8 75.Qxa5 Qg7 76.Qd2+  1-0

[Event "Christmas Open"]
[Site "Zadar CRO"]
[Date "2002.12.16"]
[Round "3"]
[White "Brkic,A"]
[Black "Rezan,S"]
[Result "0-1"]
[WhiteElo "2372"]
[BlackElo "2414"]

1.e4 c5 2.Nf3 e6 3.d4 cxd4 4.Nxd4 Nc6 5.Nc3 d6 6.Be3 Nf6 7.Be2 Be7 8.O-O O-O
9.f4 e5 10.Nf5 Bxf5 11.exf5 exf4 12.Rxf4 d5 13.Nb5 Re8 14.Kh1 a6 15.Nd4 Bd6
16.Rf3 Qc7 17.Nxc6 bxc6 18.Bg1 Qe7 19.Bd3 Bc5 20.Bxc5 Qxc5 21.Qd2 Re5 22.Raf1 h6
23.Qf4 Qe7 24.c4 a5 25.cxd5 cxd5 26.Qa4 Re1 27.a3 Rxf1+ 28.Bxf1 Qe5 29.b4 Ng4
30.g3 Qb2 31.Bg2 Rc8 32.Rf1 Ne3 33.Rg1 Nxg2 34.Qd7 Qc2 35.Qe7 Qf2 36.Qd7 Rc2
37.Qe8+ Kh7 38.Qxf7 Nf4  0-1

[Event "Christmas Open"]
[Site "Zadar CRO"]
[Date "2002.12.16"]
[Round "3"]
[White "Armanda,I"]
[Black "Ljubicic,F"]
[Result "1-0"]
[WhiteElo "2316"]
[BlackElo "2432"]

1.e4 c5 2.Nf3 e6 3.d4 cxd4 4.Nxd4 Nc6 5.Nc3 Qc7 6.Be3 a6 7.Qd2 Nf6 8.f3 Bb4
9.a3 Be7 10.g4 d6 11.O-O-O Na5 12.g5 Nd7 13.f4 Nc4 14.Bxc4 Qxc4 15.h4 b5
16.h5 b4 17.axb4 Bb7 18.g6 hxg6 19.hxg6 Rxh1 20.Rxh1 fxg6 21.b3 Qxb4 22.Nxe6 Bf6
23.Bd4 Bxd4 24.Rh8+ Nf8 25.Nxd4 Rc8 26.Kb2 Kf7 27.e5 d5 28.f5 Rc4 29.e6+ Ke8
30.e7 Kxe7 31.Qe3+ Kd7 32.Rxf8 Qxf8 33.bxc4 Qb4+ 34.Nb3 dxc4 35.Qd4+ Kc8
36.fxg6 a5 37.Qc5+ Kb8 38.Qxa5 Qd6 39.Nc5 Bc6 40.Qb4+ Kc8 41.Qxc4 Qxg6 42.Ne6 Kb7
43.Qb4+ Ka8 44.Qa5+  1-0

[Event "19th WJun Girls"]
[Site "Goa IND"]
[Date "2002.12.17"]
[Round "10"]
[White "Delphin,C"]
[Black "Kavitha,J"]
[Result "1/2-1/2"]
[WhiteElo "2084"]
[BlackElo "2064"]

1.e4 c5 2.Nf3 e6 3.d4 cxd4 4.Nxd4 Nc6 5.Nc3 a6 6.Be2 Qc7 7.Be3 Nf6 8.O-O Bb4
9.Na4 Be7 10.Nxc6 bxc6 11.Nb6 Rb8 12.Nxc8 Qxc8 13.e5 Nd5 14.Bc1 Bc5 15.c4 Ne7
16.b3 Qc7 17.Bb2 Ng6 18.Qd3 O-O 19.Qe4 d6 20.exd6 Bxd6 21.g3 Rfd8 22.Rad1 Qa5
23.Qxc6 Qxa2 24.Rxd6 Qxb2 25.Rfd1 Rf8 26.Qe4 Qxb3 27.Rxa6 Qc3 28.Qd4 Qxd4
29.Rxd4 Rfc8 30.Ra1 Ne5 31.f4 Nc6 32.Rd6 Nd8 33.Rd7 Rb7 34.Rd6 Rbb8 35.Rd7 Rb7  1/2-1/2

[Event "Christmas Open"]
[Site "Zadar CRO"]
[Date "2002.12.17"]
[Round "4"]
[White "Sindija,F"]
[Black "Djingarova,E"]
[Result "1/2-1/2"]
[WhiteElo "2123"]
[BlackElo "2269"]

1.e4 c5 2.Nf3 e6 3.d4 cxd4 4.Nxd4 Nc6 5.Nc3 Qc7 6.Be3 Nf6 7.Bd3 Nxd4 8.Bxd4 Bc5
9.Bxc5 Qxc5 10.Qe2 d6 11.Bb5+ Bd7 12.Bxd7+ Nxd7 13.O-O-O O-O 14.Qb5 Rfd8
15.Qxc5 dxc5 16.Rd6 Nb6 17.Rhd1 Rxd6 18.Rxd6 Kf8 19.b3 Ke7 20.Rd3 c4 21.Rd4 Rd8
22.Rxd8 Kxd8 23.Nb5 cxb3 24.axb3 Nc8 25.Kd2 a6 26.Nd4 e5 27.Nf5 g6 28.Ne3 Nd6
29.Kd3 Ke7 30.Nd5+ Ke6 31.c4 h5 32.f3 f5 33.Nc7+ Kd7 34.Nd5 Ke6 35.Nc7+ Kd7
36.Nd5 Ke6  1/2-1/2

[Event "XV Carlos Torre Wimbledon"]
[Site "Merida MEX"]
[Date "2002.12.18"]
[Round "1"]
[White "Mitkov,N"]
[Black "Hernandez,Gi"]
[Result "0-1"]
[WhiteElo "2529"]
[BlackElo "2546"]

1.e4 c5 2.Nc3 e6 3.Nf3 Nc6 4.d4 cxd4 5.Nxd4 Nf6 6.Nxc6 bxc6 7.e5 Nd5 8.Ne4 Bb7
9.Be2 c5 10.O-O Qc7 11.Nd6+ Bxd6 12.exd6 Qc6 13.Bf3 c4 14.Bxd5 Qxd5 15.Qxd5 Bxd5
16.f3 f6 17.b4 a6 18.Be3 Kf7 19.Rfd1 g5 20.Kf2 Rhg8 21.Rab1 Rab8 22.Ba7 Rb7
23.Bc5 h6 24.a4 Bc6 25.Ra1 e5 26.Ra3 Ke6 27.Rc3 Bd5 28.Re3 Rbb8 29.Rb1 Bc6
30.Ra1 h5 31.Rc3 Bd5 32.Rb1 Rgc8 33.Be3 Kxd6 34.b5 axb5 35.axb5 Ra8 36.h4 gxh4
37.Rh1 f5 38.f4 Rg8 39.Rh2 Rg4 40.fxe5+ Kxe5 41.b6 f4 42.Bc1 Rag8 43.b7 Rxg2+
44.Rxg2 Rxg2+ 45.Kf1 Rg8 46.Ba3 Bxb7 47.Kf2 Rg2+ 48.Ke1 f3 49.Re3+ Kf5 50.Bd6 Be4  0-1

[Event "XV Carlos Torre"]
[Site "Merida MEX"]
[Date "2002.12.19"]
[Round "7"]
[White "Aldama,D"]
[Black "Zapata,A"]
[Result "0-1"]
[WhiteElo "2443"]
[BlackElo "2556"]

1.e4 c5 2.Nf3 e6 3.d4 cxd4 4.Nxd4 Nc6 5.Nc3 Qc7 6.Be2 a6 7.O-O Nf6 8.Be3 d6
9.f4 Be7 10.Qe1 O-O 11.Qg3 Bd7 12.Kh1 Nxd4 13.Bxd4 Bc6 14.Bd3 b5 15.e5 Nh5
16.Qg4 g6 17.Rae1 dxe5 18.fxe5 Rad8 19.Nd1 Bb7 20.b3 Rd7 21.Bb2 Bc5 22.Ne3 Rfd8
23.Qg5 Rxd3 24.cxd3 Rxd3 25.Rc1 Qb6 26.Rxc5 Qxc5 27.Ng4 Kh8 28.Nh6 Qf2 29.Rg1 Kg7
30.Ba3 Rh3  0-1

[Event "Christmas Open"]
[Site "Zadar CRO"]
[Date "2002.12.19"]
[Round "6"]
[White "Vidovic,A"]
[Black "Jakic,I"]
[Result "0-1"]
[WhiteElo "2152"]
[BlackElo "2285"]

1.e4 c5 2.Nc3 e6 3.Nge2 Nc6 4.d4 cxd4 5.Nxd4 Nf6 6.Nxc6 bxc6 7.e5 Nd5 8.Ne4 Qc7
9.f4 Qb6 10.Bd3 Ba6 11.Bxa6 Qxa6 12.Qe2 Qxe2+ 13.Kxe2 f5 14.exf6 Nxf6 15.Nxf6+ gxf6
16.c4 d5 17.cxd5 cxd5 18.Be3 e5 19.fxe5 fxe5 20.Rac1 Rg8 21.Rc6 Rxg2+ 22.Kd3 Bg7
23.Bh6 e4+ 24.Ke3 Bxb2 25.Rd6 Rc8 26.Rxd5 Bc1+ 27.Kxe4 Bxh6 28.Re5+ Kf8 29.Rf1+ Kg8
30.Ra5 Rg4+ 31.Kf3 Rf4+ 32.Kg2 Rc2+  0-1

[Event "19th WJun Girls"]
[Site "Goa IND"]
[Date "2002.12.20"]
[Round "13"]
[White "Holusova,T"]
[Black "Nilavoli,H"]
[Result "1-0"]
[WhiteElo "2106"]
[BlackElo "2064"]

1.e4 c5 2.Nf3 e6 3.d4 cxd4 4.Nxd4 Nc6 5.Nc3 a6 6.Nxc6 bxc6 7.e5 Qc7 8.f4 d5
9.exd6 Bxd6 10.Qg4 f5 11.Qf3 Nf6 12.Bc4 O-O 13.O-O Kh8 14.Ne2 e5 15.fxe5 Bxe5
16.Bf4 Qb6+ 17.Kh1 Bxf4 18.Nxf4 Ng4 19.Rae1 Qxb2 20.c3 a5 21.Qh3 Nh6 22.Qe3 Qa3
23.Qd4 Rb8 24.Re3 Bb7 25.Nh5 Rg8 26.Bxg8 Rxg8 27.Re8  1-0

[Event "TSGM Dec"]
[Site "Belgrade YUG"]
[Date "2002.12.22"]
[Round "2"]
[White "Matulovic,M"]
[Black "Arsovic,Z"]
[Result "1/2-1/2"]
[WhiteElo "2423"]
[BlackElo "2410"]

1.e4 c5 2.Nf3 e6 3.d4 cxd4 4.Nxd4 Nc6 5.Nc3 d6 6.g3 Nf6 7.Bg2 Bd7 8.O-O Be7
9.Ndb5 Qb8 10.Bg5 O-O 11.Bxf6 gxf6 12.Ne2 Kh8 13.c3 Na5 14.Nbd4 b5 15.b3 Qb6
16.Qd2 Rac8 17.Kh1 Nc6 18.f4 Rc7 19.f5 Nxd4 20.Nxd4 e5 21.Nc2 Bc6 22.Ne3 Rd8
23.Rfd1 Bf8 24.Qe2 Qb7 25.Qd3 Bh6 26.Ng4 Bg7 27.Ne3 Qb6 28.Qe2 Qc5 29.c4 bxc4
30.Nxc4 Bb5 31.Rac1 Bh6 32.Rc2 Qb4 33.Bf1 Bc6 34.Bg2 Bb5 35.Bf1 Bc6 36.Bg2  1/2-1/2

[Event "AIG Life rapid QF2"]
[Site "Warsaw POL"]
[Date "2002.12.22"]
[Round "2"]
[White "Tseshkovsky,V"]
[Black "Volokitin,And"]
[Result "1-0"]
[WhiteElo "2545"]
[BlackElo "2558"]

1.e4 c5 2.Nc3 e6 3.Nf3 Nc6 4.d4 cxd4 5.Nxd4 a6 6.Be3 Nf6 7.f3 Bb4 8.Nxc6 bxc6
9.Qd2 d5 10.a3 Qa5 11.e5 Nd7 12.f4 Bc5 13.Bxc5 Qxc5 14.b4 Qa7 15.Qf2 c5 16.Na4 d4
17.Bd3 Bb7 18.O-O g6 19.bxc5 Nxc5 20.Nxc5 Qxc5 21.Rab1 Bc6 22.Rb4 Rd8 23.Rfb1 O-O
24.Bxa6 Ra8 25.Bd3 Rfd8 26.Rc4 Qd5 27.Rbb4 Rxa3 28.Rxd4 Ra1+ 29.Bf1 Qa5 30.Rxd8+ Qxd8
31.Qd4 Bd5 32.Qxa1 Qc7 33.Qb2 Qc5+ 34.Rd4 Kg7 35.c3 h5 36.Qb4 Qc6 37.c4 Be4
38.c5 Bf5 39.Rd6 Qa8 40.c6 Qa7+ 41.Qd4 Qa5 42.Rd7 h4 43.h3  1-0

[Event "AIG Life rapid"]
[Site "Warsaw POL"]
[Date "2002.12.22"]
[Round "7"]
[White "Ivanchuk,V"]
[Black "Volokitin,And"]
[Result "1-0"]
[WhiteElo "2709"]
[BlackElo "2558"]

1.e4 c5 2.Nf3 e6 3.d4 cxd4 4.Nxd4 Nc6 5.Nc3 a6 6.Nxc6 bxc6 7.Bd3 d5 8.O-O Nf6
9.Re1 Bb7 10.e5 Nd7 11.Na4 Qc7 12.Bf4 c5 13.c4 d4 14.Be4 Bxe4 15.Rxe4 Be7
16.b3 Qc6 17.Qe2 Nf8 18.Re1 Ng6 19.Bd2 O-O 20.g3 Rae8 21.h4 f5 22.exf6 Bxf6
23.Nb2 e5 24.Nd3 Re6 25.f4 Bxh4 26.Qg4 Bxg3 27.Qxg3 exf4 28.Rxe6 Qxe6 29.Nxf4 Qd6
30.Re6 Qc7 31.Re4 d3 32.Qg4 Ne5 33.Qe6+ Nf7 34.Kg2 Qd8 35.Nd5 Kh8 36.Qe7 Qc8
37.Rf4 Re8 38.Qxf7 Re2+ 39.Kg3 h5  1-0

[Event "TCh-BEL 2002-3"]
[Site "Belgium BEL"]
[Date "2002.12.23"]
[Round "5"]
[White "Hautot,S"]
[Black "Ooms,A"]
[Result "1-0"]
[WhiteElo "2290"]
[BlackElo "2170"]

1.e4 c5 2.Nf3 e6 3.d4 cxd4 4.Nxd4 Nc6 5.Nc3 Qc7 6.Be3 a6 7.g3 Ne5 8.Bg2 Nc4
9.Bc1 b5 10.O-O Bb7 11.b3 Ne5 12.Bb2 Nf6 13.f4 Neg4 14.Qd3 Bc5 15.e5 Qb6
16.Ne4 Nxe4 17.Bxe4 Rd8 18.h3 Nh6 19.Kh2 d6 20.Bxb7 Qxb7 21.Qf3 Qxf3 22.Nxf3 Nf5
23.exd6 Ne3 24.Rfe1 O-O 25.Re2 Rxd6 26.Rae1 Rc6 27.Ne5 Rc7 28.Nd3 Nd5 29.Be5 Rfc8
30.Bxc7 Rxc7 31.c4 bxc4 32.bxc4 Ne7 33.Rb1 h5 34.Re5 Bd4 35.Ra5 Rxc4 36.Rc1 Bc3
37.Rxa6 Nd5 38.Ra3 h4 39.gxh4  1-0

[Event "Open"]
[Site "Pamplona ESP"]
[Date "2002.12.27"]
[Round "8"]
[White "Ibarra Jerez,JC"]
[Black "Mindeguia Guruceaga,J"]
[Result "1-0"]
[WhiteElo "2361"]
[BlackElo "2129"]

1.e4 c5 2.Nc3 Nc6 3.Nf3 e6 4.d4 cxd4 5.Nxd4 Nf6 6.Nxc6 bxc6 7.e5 Nd5 8.Ne4 Qc7
9.f4 Qb6 10.c4 Bb4+ 11.Ke2 f5 12.exf6 Nxf6 13.Be3 Qa5 14.Nxf6+ gxf6 15.Kf2 O-O
16.Bd3 Rf7 17.a3 Bc5 18.Re1 d5 19.cxd5 exd5 20.Qc2 Bxe3+ 21.Kxe3 Bd7 22.Kf3 Re8
23.Bxh7+ Kh8 24.Rxe8+ Bxe8 25.Qg6 Rg7 26.Qxe8+ Kxh7 27.Re1 d4 28.Qe4+ Kh8
29.g3 d3 30.f5  1-0

[Event "32nd Rilton Cup"]
[Site "Stockholm SWE"]
[Date "2002.12.27"]
[Round "1"]
[White "Carlsten,P"]
[Black "Cramling,P"]
[Result "0-1"]
[WhiteElo "2159"]
[BlackElo "2508"]

1.e4 c5 2.Nf3 e6 3.d4 cxd4 4.Nxd4 Nc6 5.Nc3 Qc7 6.Be2 a6 7.O-O Nf6 8.Be3 Bb4
9.Na4 Bd6 10.Nxc6 bxc6 11.h3 O-O 12.Qd3 Be7 13.c4 c5 14.f4 d6 15.Bf3 Rb8
16.Rf2 Bb7 17.Nc3 Nd7 18.g4 Rbd8 19.Rd1 Rfe8 20.g5 Bf8 21.h4 Nb6 22.Bc1 d5
23.Qf1 dxc4 24.Rxd8 Rxd8 25.Be2 Rd4 26.Be3 Qc6 27.Qc1 Qd7 28.Qc2 Bc6 29.Bf1 Qb7
30.Bg2 Rd3 31.Re2 Qc7 32.Bc1 Qd7 33.Be3 Na4 34.Kh2 Nxc3 35.bxc3 Qb7 36.Bf2 Qb5
37.Re1 Qa5 38.Rc1 Qd8 39.Be1 Qc7 40.Qf2 g6 41.Bf1 Rd8 42.Bxc4 Bxe4 43.Bd2 Bd3
44.Bb3 c4 45.Bd1 Rb8 46.Be3 Ba3  0-1

[Event "26th Christmas Open Masters"]
[Site "Zurich SUI"]
[Date "2002.12.27"]
[Round "3"]
[White "Jenni,F"]
[Black "Xheladini,M"]
[Result "1-0"]
[WhiteElo "2483"]
[BlackElo "2246"]

1.e4 c5 2.Nf3 e6 3.d4 cxd4 4.Nxd4 Nc6 5.Nc3 a6 6.Be2 Qc7 7.O-O Nf6 8.Kh1 h5
9.f4 Nxd4 10.Qxd4 Bc5 11.Qd3 b5 12.e5 Ng4 13.Bf3 Bb7 14.Bxb7 Qxb7 15.Ne4 Qc6
16.Bd2 h4 17.Nxc5 Qxc5 18.Qf3 Qd5 19.Qxd5 exd5 20.h3 Nh6 21.f5 Rc8 22.c3 Rc4
23.Rad1 Re4 24.Bxh6 Rxh6 25.Rxd5 Re2 26.Rfd1 Rxb2 27.Rxd7 Rb1 28.Rd8+ Ke7
29.Rxb1 Kxd8 30.Rb4 Rc6 31.Rxh4 Rxc3 32.Rg4 Re3 33.Rxg7 Rxe5 34.Rxf7 a5 35.f6 Ke8
36.Rb7 b4 37.Ra7 Rc5 38.Kh2 Rd5 39.h4 Rd4 40.Kh3 Rd3+ 41.g3 Ra3 42.h5 Rf3
43.Rxa5 Rxf6 44.Kh4 Rb6 45.g4 Kf7 46.Kg5 Rb7 47.h6 Kg8 48.Kh5 Kh8 49.g5 Rb8
50.g6 Kg8 51.h7+  1-0

[Event "11th Donau Open"]
[Site "Aschach AUT"]
[Date "2002.12.29"]
[Round "5"]
[White "Testor,S"]
[Black "Wege,J"]
[Result "1-0"]
[WhiteElo "2159"]
[BlackElo "2269"]

1.e4 c5 2.Nf3 Nc6 3.d4 cxd4 4.Nxd4 e6 5.Nc3 Qc7 6.Be3 a6 7.Be2 Bb4 8.O-O Nf6
9.Na4 Be7 10.Nxc6 bxc6 11.Nb6 Rb8 12.Nxc8 Rxc8 13.Bxa6 Rb8 14.Bd3 Rxb2 15.Bd4 Rb4
16.c3 Rb8 17.e5 Nd5 18.c4 Nf4 19.Rb1 O-O 20.g3 Ng6 21.Qe2 Qa5 22.Rb2 Bc5
23.Bxc5 Qxc5 24.Bxg6 hxg6 25.Rd1 Rxb2 26.Qxb2 Qxc4 27.Rxd7 c5 28.Qd2 Kh7
29.Rd8 Rxd8 30.Qxd8 Qc1+ 31.Kg2 g5 32.Qd3+ Kh6 33.Qe3 Qc4 34.h4 Qd5+ 35.Kh3 c4
36.hxg5+ Kg6 37.Kg4 Qd1+ 38.Kf4 Kh7 39.Qe4+ g6 40.Qxc4 Qe1 41.Qd4 Qb1 42.a4 Qf5+
43.Ke3 Qc2 44.Kf3 Kg7 45.Kg2 Qc6+ 46.Kh2 Qa8 47.Qb4 Qf3 48.Qc5 Qh5+ 49.Kg2 Qe2
50.a5 Qe4+ 51.Kh2 Qe2 52.Qb6 Qxe5 53.a6 Qxg5 54.Qb7 Qd2 55.Kg2 Qb2 56.Qxb2+  1-0

[Event "26th Christmas Open Masters"]
[Site "Zurich SUI"]
[Date "2002.12.29"]
[Round "6"]
[White "Jenal,J"]
[Black "Djingarova,E"]
[Result "0-1"]
[WhiteElo "2170"]
[BlackElo "2269"]

1.e4 c5 2.Nf3 e6 3.d4 cxd4 4.Nxd4 Nc6 5.Nc3 Qc7 6.Be3 a6 7.Be2 b5 8.O-O Bb7
9.f4 d6 10.Bf3 Rc8 11.Qe2 Be7 12.Qf2 Nf6 13.e5 Nd7 14.f5 Nxd4 15.Bxb7 Nxf5
16.Bxc8 Qxc8 17.exd6 Nxd6 18.Rad1 O-O 19.Kh1 Nf5 20.Bf4 Nf6 21.Qe2 Qc6 22.a3 Bxa3
23.bxa3 Qxc3 24.Be5 Qe3 25.Rfe1 Qxe2 26.Rxe2 Nd5 27.g4 Nfe3 28.Rd4 Rc8 29.h3 Nxc2
30.Rd3 f6 31.Bg3 Kf7 32.Kg1 a5 33.Rb3 Nd4  0-1

[Event "32nd Rilton Cup"]
[Site "Stockholm SWE"]
[Date "2002.12.30"]
[Round "4"]
[White "Berg,E"]
[Black "Lindberg,Be"]
[Result "1-0"]
[WhiteElo "2535"]
[BlackElo "2382"]

1.e4 c5 2.Nf3 e6 3.d4 cxd4 4.Nxd4 Nc6 5.Nc3 Qc7 6.Be3 a6 7.f4 Nxd4 8.Qxd4 b5
9.Be2 Bb7 10.Bf3 Rc8 11.O-O h5 12.Rad1 Nf6 13.h3 h4 14.Rf2 Bc5 15.Qxc5 Qxc5
16.Bxc5 Rxc5 17.Rd4 e5 18.fxe5 Rxe5 19.a4 Ke7 20.axb5 axb5 21.Rfd2 g5 22.Rb4 Bc6
23.Rdd4 Rb8 24.Kf2 Rc5 25.Rd2 Rc4 26.Rxc4 bxc4 27.e5 Nh7 28.Bxc6 dxc6 29.Nd1 Rb5
30.Rd6 Rc5 31.Ne3 Nf8 32.Nf5+ Ke8 33.Nd4 Rd5 34.Nxc6 Rxd6 35.exd6 Ng6 36.c3 Kd7
37.Na5 Kxd6 38.Nxc4+ Kd5 39.b3 Nf4 40.Kf3 f5 41.Ne3+ Ke5 42.b4 Nd3 43.b5 f4
44.b6 Kd6 45.Nc4+ Kc6 46.Kg4 Ne1 47.Kxg5 Nxg2 48.Kg4 Kb7 49.Kf3 Ne1+ 50.Ke2 Nc2
51.Kd1 Na1 52.Nd2 Kxb6 53.Kc1  1-0

[Event "35th Open"]
[Site "Trinec CZE"]
[Date "2002.12.30"]
[Round "4"]
[White "Simacek,P"]
[Black "Talla,V"]
[Result "1/2-1/2"]
[WhiteElo "2420"]
[BlackElo "2370"]

1.e4 c5 2.Nf3 e6 3.d4 cxd4 4.Nxd4 Nc6 5.Nc3 Qc7 6.g3 a6 7.Bg2 d6 8.O-O Bd7
9.Re1 Be7 10.Nxc6 Bxc6 11.a4 Nf6 12.g4 O-O 13.g5 Nd7 14.Nd5 Bxd5 15.exd5 e5
16.Ra3 Rfe8 17.Be4 g6 18.h4 f5 19.gxf6 Nxf6 20.Rg3 Kh8 21.Kh1 Qc4 22.Qd3 Rac8
23.c3 Rg8 24.Bg5  1/2-1/2

[Event "32nd Rilton Cup"]
[Site "Stockholm SWE"]
[Date "2002.12.31"]
[Round "5"]
[White "Lobron,E"]
[Black "Stefansson,H"]
[Result "1/2-1/2"]
[WhiteElo "2500"]
[BlackElo "2566"]

1.e4 c5 2.Nc3 Nc6 3.Nf3 e6 4.d4 cxd4 5.Nxd4 Qc7 6.Be3 a6 7.Qd2 Nf6 8.f3 b5
9.O-O-O Ne5 10.Kb1 Rb8 11.g4 h6 12.Bd3 b4 13.Nce2 d5 14.Ng3 Bb7 15.Qe2 dxe4
16.Nxe4 Nxe4 17.Bxe4 Bxe4 18.fxe4 Nc4 19.Bc1 Bd6 20.h4 Be5 21.b3 Nd6 22.Bb2 Nb5
23.Nxb5 Rxb5 24.Bxe5 Qxe5 25.Qh2 O-O 26.Qxe5 Rxe5 27.Rd4 a5 28.Rf1 f6 29.Kb2 Rc8
30.Rf2 h5 31.Rg2 Rc7 32.gxh5 Rxh5 33.Rg4 Kf7 34.Rd2 g5 35.hxg5 fxg5 36.a3 Kg6
37.axb4 axb4 38.Rdg2 Rb7 39.c3 bxc3+ 40.Kxc3 Rh3+ 41.Kc4 Rbxb3  1/2-1/2

[Event "TCh-NOR Qualifier"]
[Site "NOR"]
[Date "2002.??.??"]
[Round "5"]
[White "Semakoff,A"]
[Black "Andersen,Pe"]
[Result "1/2-1/2"]
[WhiteElo "2215"]
[BlackElo "2173"]

1.e4 c5 2.Nf3 e6 3.d4 cxd4 4.Nxd4 Nc6 5.Nc3 Qc7 6.Be3 a6 7.Bd3 b5 8.Nxc6 Qxc6
9.O-O Bb7 10.Qe2 b4 11.Nb1 Nf6 12.Nd2 d5 13.exd5 Nxd5 14.Be4 Qc7 15.Bd4 Bd6
16.g3 Nf6 17.Bxb7 Qxb7 18.Nc4 Be7 19.Bxf6 gxf6 20.Rad1 O-O 21.Rd4 Rad8 22.Rfd1 Rxd4
23.Rxd4 Rd8 24.Rxd8+ Bxd8 25.Qg4+ Kf8 26.Qd4 Be7 27.Qd3 Kg7 28.Nd2 Qc6 29.Qe4 Qxe4
30.Nxe4 f5 31.Nd2 Kf6 32.f4 Bc5+ 33.Kf1 Ke7 34.Ke2 Kd6 35.Kd3 Kd5 36.c4+  1/2-1/2

[Event "38th Junior"]
[Site "Hallsberg SWE"]
[Date "2003.01.02"]
[Round "6"]
[White "Sedlak,N"]
[Black "Kanep,M"]
[Result "1/2-1/2"]
[WhiteElo "2497"]
[BlackElo "2389"]

1.e4 c5 2.Nc3 Nc6 3.Nf3 e6 4.d4 cxd4 5.Nxd4 d6 6.Be3 Nf6 7.Be2 Be7 8.f4 O-O
9.Qd2 a6 10.O-O-O Qc7 11.g4 Nxd4 12.Bxd4 e5 13.Be3 b5 14.Nd5 Nxd5 15.exd5 exf4
16.Bxf4 Bd7  1/2-1/2

[Event "35th Open"]
[Site "Trinec CZE"]
[Date "2003.01.02"]
[Round "7"]
[White "Cernousek,L"]
[Black "Talla,V"]
[Result "1/2-1/2"]
[WhiteElo "2302"]
[BlackElo "2370"]

1.e4 c5 2.Nf3 e6 3.d4 cxd4 4.Nxd4 Nc6 5.Nc3 Qc7 6.g3 a6 7.Bg2 Nf6 8.O-O Nxd4
9.Qxd4 Bc5 10.Bf4 d6 11.Qd2 h6 12.Rad1 e5 13.Be3 Be6 14.Na4 Bxe3 15.Qxe3 b5
16.Qb6 Rc8 17.Qxc7 Rxc7 18.Nc3 Ke7 19.a3 Rb8 20.Ra1 a5 21.Rfc1 b4 22.axb4 axb4
23.Nb1 Nd7 24.Bf1 f5 25.f3 fxe4 26.fxe4 Bc4 27.c3 Bxf1 28.Kxf1 Ke6 29.c4 Rf8+
30.Ke2 Nb8 31.Nd2 Nc6 32.Rf1 Nd4+  1/2-1/2

[Event "35th Open"]
[Site "Trinec CZE"]
[Date "2003.01.03"]
[Round "8"]
[White "Zawadzka,J"]
[Black "Talla,V"]
[Result "0-1"]
[WhiteElo "2310"]
[BlackElo "2370"]

1.e4 c5 2.Nf3 e6 3.d4 cxd4 4.Nxd4 Nc6 5.Nc3 a6 6.Be3 Qc7 7.Bd3 Nf6 8.O-O Bd6
9.f4 Nxd4 10.Bxd4 Bxf4 11.h3 Be5 12.Bxe5 Qxe5 13.Qf3 b5 14.Rae1 O-O 15.Nd1 Bb7
16.Re2 Rad8 17.Qf4 Qxf4 18.Rxf4 d6 19.a4 b4 20.e5 Nd5 21.Rh4 g6 22.Ne3 Nxe3
23.Rxe3 a5 24.Rc4 Bd5 25.Rc7 dxe5 26.Rxe5 Rc8 27.Ra7 Ra8 28.Re7 Rfe8 29.Rxe8+ Rxe8
30.Kf2 Kf8 31.g4 Ke7 32.Kg3 f6 33.Re3 Kd6 34.b3 e5 35.h4 Rg8 36.Kf2 f5 37.h5 e4
38.Be2 f4 39.Rh3 g5 40.Bb5 Rc8  0-1

[Event "32nd Rilton Cup"]
[Site "Stockholm SWE"]
[Date "2003.01.04"]
[Round "8"]
[White "Ulibin,M"]
[Black "Taimanov,M"]
[Result "1-0"]
[WhiteElo "2581"]
[BlackElo "2406"]

1.e4 c5 2.Nf3 e6 3.d4 cxd4 4.Nxd4 Nc6 5.Nc3 a6 6.f4 Qc7 7.Nb3 b5 8.Bd3 Bb7
9.Be3 Nf6 10.O-O d6 11.Qf3 Be7 12.Rad1 O-O 13.Qh3 Rfe8 14.g4 Nd7 15.e5 Nf8
16.exd6 Bxd6 17.Ne4 Be7 18.a3 Na5 19.Nxa5 Qxa5 20.f5 exf5 21.Rxf5 Rad8 22.Rdf1 Bd5
23.Rh5 g6 24.Rxd5 Rxd5 25.Qf3 f5 26.Nf6+ Bxf6 27.Qxd5+ Kg7 28.g5 Bxb2 29.Bc4 bxc4
30.Qxa5 Rxe3 31.Qb6  1-0